Missing Word: Leonard Cohen Quiz Stats

 Plays Quiz Updated Aug 1, 2018

Score 0/20 Timer 04:00
0 Plays Today
Title Missing Word % Correct
___ on the WireBird
85.8%
Closing ___Time
72.5%
I'm Your ___Man
70%
So ___, MarianneLong
51.7%
___ ItselfLove
42.9%
Famous ___ RaincoatBlue
39.6%
Sisters of ___Mercy
37.5%
First We Take ___Manhattan
31%
___ Me to the End of LoveDance
24.9%
Chelsea ___ #2Hotel
24.9%
Title Missing Word % Correct
___ KnowsEverybody
23.3%
Ain't No ___ for LoveCure
20.2%
Who by ___Fire
19.5%
___ of SongTower
17%
A Thousand Kisses ___Deep
15.4%
Take This ___Waltz
15.1%
___ Comes OnNight
14.4%
You Want It ___Darker
13.1%
In My ___ LifeSecret
12%
Waiting for the ___Miracle
9.6%

Today's Daily Dose

Word Ladder
Aquatic Life

On This Day
August 21st II

You're not logged in!

Compare scores with friends on all Sporcle quizzes.
Join for Free
OR
Log In

You Might Also Like...

Show Comments

Extras

Top Quizzes Today


Score Distribution

Your Account Isn't Verified!

In order to create a playlist on Sporcle, you need to verify the email address you used during registration. Go to your Sporcle Settings to finish the process.

Report this User

Report this user for behavior that violates our Community Guidelines.

Details: